| 000 | 01442nam a2200265Ia 4500 | ||
|---|---|---|---|
| 999 |
_c49994 _d49994 |
||
| 001 | 16931 | ||
| 003 | GE_BSU | ||
| 005 | 20200203120100.0 | ||
| 008 | 181216s2008 xx |||||||||||||| ||geo|| | ||
| 020 | _a9789994090006 | ||
| 040 | _cGE_BSU | ||
| 041 | _ageo | ||
| 080 | _a51(075.8)+330 ნ-32 | ||
| 100 |
_aნატროშვილი, დ. _96683 |
||
| 245 |
_aმათემატიკა ეკონომისტებისათვის : _b სახელმძღვ. უმაღლ. სასწ. ეკონ. და საბანკო-საფინანსო სპეც. სტუდ. / _cდ. ნატროშვილი ; ლ. გიორგაშვილი ; გ. ჯაშიაშვილი. |
||
| 250 | _aმე-2 გადამუშავებული გამოცემა | ||
| 260 | _aთბილისი | ||
| 264 |
_aთბილისი : _b,,ახალი ივერიონი'', _c2008. |
||
| 300 |
_a577 გვ.: _c24 სმ. |
||
| 653 | _aმათემატიკა | ||
| 653 | _aმათემატიკური ეკონომიკა; მათემატიკა - სახელმძღვანელოები უმაღლესი სასწავლებლებისათვის; | ||
| 700 |
_aგიორგაშვილი, ლ _91709 |
||
| 700 |
_a ჯაშიაშვილი, გ _96684 |
||
| 942 |
_cBK _2udc |
||